MARC

LEADER 00000nam0a2200000 4500
001 303736
005 20231102001631.0
035 |a (RuTPU)RU\TPU\book\328963 
090 |a 303736 
100 |a 20150904d1973 k y0rusy50 ca 
101 0 |a rus 
102 |a RU 
105 |a a z 001zy 
200 1 |a Магнитоэлектрические веберметры  |f М. Б. Минц, А. Н. Ткаченко 
210 |a Ленинград  |c Энергия  |d 1973 
215 |a 112 с.  |c ил. 
320 |a Библиогр.: с. 109-110. 
606 1 |a Веберметры магнитоэлектрические  |2 stltpush  |3 (RuTPU)RU\TPU\subj\2095  |9 30712 
610 1 |a подвижные части 
610 1 |a перемещение 
610 1 |a магнитный поток 
610 1 |a частотные характеристики 
610 1 |a погрешности 
610 1 |a ремонт 
610 1 |a чувствительность 
675 |a 621.317.444  |v 3 
700 1 |a Минц  |b М. Б.  |g Марк Борисович 
701 1 |a Ткаченко  |b А. Н.  |g Александр Николаевич 
801 1 |a RU  |b 63413507  |c 20150904 
801 2 |a RU  |b 63413507  |c 20201202  |g RCR 
942 |c BK